| 000 | 01187cad a22002175a 4500 | ||
|---|---|---|---|
| 001 | L153511 | ||
| 008 | 110803e20110119xxk f 000 0 eng d | ||
| 035 | _a(Sirsi) u153511 | ||
| 041 | 0 | _aeng | |
| 110 | 2 |
_aBritish Property Federation _91604 |
|
| 245 | 0 | 0 |
_aGetting connected _butilities connections, a guide for developers, July 2011 _h[electronic resource] |
| 260 |
_aLondon _bDavis Langdon _c2011 |
||
| 520 | _aOrganising utility connections is often cited as the single most common cause of delay in construction projects. This guide explains the current system for obtaining new connections to gas, electricity and water services. Describes the role of the major players involved in the process. Sets out the problems most commonly experienced by contractors and developers and ways to mitigate them. | ||
| 590 | _aKA NTK | ||
| 651 | 4 |
_aUnited Kingdom _y |
|
| 690 |
_aProject management _96261 |
||
| 690 | _aBUILT ENVIRONMENT-CONSTRUCTION MANAGEMENT | ||
| 710 | 1 |
_aDavis Langdon _94649 |
|
| 856 | 4 | 0 |
_uhttps://www.bpf.org.uk/en/files/bpf_documents/construction/Getting_Connected_utilities_guide_for_developers.pdf _zView the report free of charge at www.bpf.org.uk |
| 942 | _n0 | ||
| 999 |
_c112560 _d112560 |
||